000 01147njm a22002777a 4500
005 20100914101026.0
007 sd ammalaaahaa
008 100914t xxu||||| |||| 00| 0 hin d
028 _a7EPE 7094
_bHis Master's Voice
035 _aGR-02385
100 _aMangeshkar, Lata
_919854
245 _aHar har mahadeo /
_cby Lata Mangeshkar ; music by Kalyanji Anandji ; lyric by Predeep
_h[sound recording] :
246 _aहर हर महादेव (लता मंगेशकर)
260 _aDum Dum, India
_bHis Master's Voice
_c1974
300 _a1 sound disc [Gramophone record] :
_banalog, 45 rpm
_c7 in.
_fGramophone record
500 _aBrief record.
500 _aHis Master's Voice
500 _aOrange
500 _aExtended Play
505 _aPart 1 Damroo wale baba (Lata Mangeshkar) डमरू वाले बाबा, Part 2 O sanyasi re ओ सन्यासी रे
650 _aClassical Music
_xExcerpts
_zIndia
_919855
_vFilm Song
700 _aKalyanji Anandji
_91184
700 _aPredeep
_919963
942 _2ddc
_cGR
999 _c45661
_d45661